SOFTWARE PROJECT MANAGEMENMT (Record no. 8213)
[ view plain ]
| 000 -LEADER | |
|---|---|
| fixed length control field | 00474nam a22001457a 4500 |
| 003 - CONTROL NUMBER IDENTIFIER | |
| control field | SGT |
| 082 ## - DEWEY DECIMAL CLASSIFICATION NUMBER | |
| Classification number | 005.1 |
| Item number | JHA |
| 100 ## - MAIN ENTRY--PERSONAL NAME | |
| Personal name | JHA,MANISH KUMAR |
| 245 ## - TITLE STATEMENT | |
| Title | SOFTWARE PROJECT MANAGEMENMT |
| 260 ## - PUBLICATION, DISTRIBUTION, ETC. (IMPRINT) | |
| Place of publication, distribution, etc | NEW DELHI |
| Name of publisher, distributor, etc | DHANPAT RAI & CO. |
| Year of Publication | 2012 |
| 300 ## - PAGE DESCRIPTION | |
| No. of Pages | 502 |
| 650 ## - SUBJECT ADDED ENTRY--TOPICAL TERM | |
| Topical term or geographic name as entry element | COMPUTER SCIENCE ENGINEERING |
| 653 ## - KEYWORDS--INDEX TERM | |
| Keyword term | SOFTWARE PROJECT,PROJECT MANAGEMENT ORGANIZATIONAL STRUCTURE,PROJECT MANAGEMENT PROCESSES AND ELEMENTS,SOFTWARE DEVELOPMENT LIFE CYCLE MODELS, |
| 942 ## - ADDED ENTRY ELEMENTS (KOHA) | |
| Source of classification or shelving scheme | Dewey Decimal Classification |
| Koha item type | Books |
| Withdrawn status | Lost status | Source of classification or shelving scheme | Damaged status | Not for loan | Home library | Current library | Shelving location | Date acquired | Vendor Name | Cost, normal purchase price | SGTU | Total Checkouts | Full call number | Accession No. (Barcode) | Date last seen | Bill Date | Koha item type |
|---|---|---|---|---|---|---|---|---|---|---|---|---|---|---|---|---|---|
| Dewey Decimal Classification | SGT Engineering Library | SGT Engineering Library | Reference Book | 05/01/2016 | GIFTED | 230.00 | SGTU | 005.1 JHA | FE6439 | 05/01/2016 | 05/01/2016 | Books |